| 000 -LEADER |
| fixed length control field |
00305nam a22000977a 4500 |
| 082 ## - DEWEY DECIMAL CLASSIFICATION NUMBER |
| Classification number |
TNC A45 D954 |
| 100 ## - MAIN ENTRY--PERSONAL NAME |
| Personal name |
Duttgupt, Amulyakumar |
| 9 (RLIN) |
24464 |
| 245 ## - TITLE STATEMENT |
| Title |
Sri sri anandmaye prasang, pt.1 and pt.2 |
| Statement of responsibility, etc |
By Amulyakumar, Duttgupt |
| 260 ## - PUBLICATION, DISTRIBUTION, ETC. (IMPRINT) |
| Place of publication, distribution, etc |
calcutta |
| Name of publisher, distributor, etc |
sri sri anandmaye cheritable society |
| Date of publication, distribution, etc |
1982 |
| 300 ## - PHYSICAL DESCRIPTION |
| Extent |
368p. |